000 00826cam a22002533a 4500
001 39490
003 PGUSA
005 20140828083858.0
008 120419s2012||||xxu|||||s|||||000 1 eng d
040 _aPGUSA
_beng
042 _adc
050 4 _aPZ
100 1 _aWesterman, Percy F.
_q(Percy Francis),
_d1876-1959
245 1 2 _aA Lad of Grit :
_bA Story of Adventure on Land and Sea in Restoration Times
_h[electronic resource] /
_cPercy F. Westerman
260 _bProject Gutenberg,
_c2012
506 _aPublic domain in the USA.
516 _aElectronic text
653 _aAdventure stories
653 _aGreat Britain -- History -- Restoration, 1660-1688 -- Juvenile fiction
700 1 _aHodgson, Edward S.
830 0 _aProject Gutenberg
_v39490
856 4 0 _uhttp://www.gutenberg.org/ebooks/39490
942 _cEB
999 _c268743
_d268743